| 000 | 00392nam a2200169Ia 4500 | ||
|---|---|---|---|
| 008 | 230524s9999 xx 000 0 und d | ||
| 020 | _a9789350140321 | ||
| 082 | _bSHA | ||
| 100 | _aSanjay Sharma | ||
| 245 | 2 | _aA Course in Computer Network | |
| 250 | _a1 | ||
| 260 |
_aNew Delhi _bKatson _c2012 |
||
| 300 | _a702p; | ||
| 500 | _aQuantity Number: 1 | ||
| 650 | _aComp-Sc | ||
| 942 | _cBK | ||
| 999 |
_c56483 _d56483 |
||